|
|
|
|
| LEADER |
00000nam a22000007a 4500 |
| 005 |
20180227223656.0 |
| 007 |
cr|||| |||| |
| 008 |
180227s2016 br |||||s|||| 00||0 por d |
| 020 |
|
|
|a 978-85-7789-257-0
|
| 035 |
|
|
|a 21017
|
| 040 |
|
|
|a vLex
|
| 090 |
|
|
|c 7429
|d 7429
|
| 100 |
1 |
|
|a Tobias, Jos ̌Antonio
|
| 245 |
1 |
0 |
|a Filosofia do Direito
|h [Recurso electrn̤ico] /
|c Jos ̌Antonio Tobias
|
| 250 |
|
|
|a 2.® ediȯ̂
|
| 256 |
|
|
|a Servicio en ln̕ea
|
| 260 |
|
|
|a San Pablo:
|b JH Mizuno,
|c 2016
|
| 300 |
|
|
|a 1 recurso electrn̤ico
|
| 500 |
|
|
|a Brochura Sinopse: Este livro de Filosofia do Direito procurou ser leve e agradv̀el, e, ao mesmo tempo, profundo e sintonizado nô s ̤com a realidade da Disciplina de Filosofia do Direito da matriz curricular do Curso de Direito, mas tambm̌ com o fato de, a partir do inc̕io de 2013, fazer parte decisiva do Exame da OAB. Todas as filosofias foram aproveitadas, sem contudo abandonar, como costuma acontecer, a filosofia do povo brasileiro, que ̌a filosofia dos sčulos, por isso mesmo chamada de Filosofia Perene, que se confunde com a Filosofia Crist.̂ Assim, esta obra tornou-se inovadora dentro do cenr̀io jurd̕ico brasileiro, historicamente dominado pela Filosofia Positivista do Direito e pela Filosofia Kantiana do Direito. O autor, que tem a Filosofia do Direito como derivaȯ̂ da Filosofia e da Filosofia das Cin̊cias, divide sua obra em quatro partes: 1.® - Filosofia das Cin̊cias; 2.® - O que ̌Filosofia; 3.® - O que nô ̌Filosofia; 4.® - Filosofia do Direito.
|
| 506 |
1 |
|
|a Disponible solo en los productos indicados
|d vLex Global
|d vLex Global (Academic Edition, excluding Law Schools)
|d vLex Global (U.S. Academic Edition, Law Schools)
|d vLex Global (U.S. Academic Edition, excluding Law Schools)
|d vLex Global (Academic Edition, Law Schools)
|
| 650 |
0 |
4 |
|a Derecho Civil
|z Brasil
|
| 650 |
0 |
4 |
|a Ciencias sociales
|z Brasil
|
| 650 |
0 |
4 |
|a Filosofa̕ y religin̤
|z Brasil
|
| 740 |
0 |
|
|a vLex Libros (Servicio en ln̕ea)
|
| 856 |
4 |
0 |
|u http://vlex.com/source/filosofia-do-direito-2-edi-o-21017
|z Acceso restringido
|
| 942 |
|
|
|c BOOK
|
| 999 |
0 |
|
|a Civil Law
|
| 999 |
0 |
|
|a Social Sciences
|
| 999 |
0 |
|
|a Philosophy and religion
|